[Event "Tenerife-chT Segunda 1718"]
[Site "Tenerife"]
[Date "2018.02.10"]
[Round "9.1"]
[White "Hernandez Gutierrez, Acoraide"]
[Black "Gonzalez Melo, Antonio Manuel"]
[Result "0-1"]
[WhiteElo "1277"]
[BlackElo "1648"]
[PlyCount "52"]
[EventDate "2017.11.11"]
[EventType "team-tourn"]
[EventRounds "14"]
[EventCountry "ESP"]
[SourceTitle "EXT 2019"]
[Source "ChessBase"]
[SourceDate "2018.10.10"]
[SourceVersion "1"]
[SourceVersionDate "2018.10.10"]
[SourceQuality "1"]
[WhiteTeam "Playa San Juan"]
[BlackTeam "La Victoria 94 "]
[WhiteTeamCountry "ESP"]
[BlackTeamCountry "ESP"]

1. d4 d5 2. Bf4 Nf6 3. e3 c5 4. c3 Qb6 5. Qb3 c4 6. Qxb6 axb6 7. Be2 Bf5 8. Nd2 e6 9. h3 Nc6 10. Ngf3 h6 11. 0-0 Be7 12. Rfe1 0-0 13. Ne5 b5 14. Bf3 Ne4 15. Nxe4 dxe4 16. Bd1 Nxe5 17. Bxe5 b4 18. Bc2 Ra6 19. cxb4 Bxb4 20. Re2 Rfa8 21. a3 b5 22. Rc1 Be7 23. f3 exf3 24. gxf3 Bxc2 25. Rcxc2 Bg5 26. Kf2 Rd8 0-1

[Event "Santa Cruz de Tenerife Verano op"]
[Site "Santa Cruz de Tenerife"]
[Date "2017.08.21"]
[Round "6"]
[White "Perez Fresnedo, Sadiel Barbaro"]
[Black "Gonzalez Melo, Antonio Manuel"]
[Result "1-0"]
[WhiteElo "1985"]
[BlackElo "1543"]
[PlyCount "73"]
[EventDate "2017.08.02"]
[EventType "swiss"]
[EventRounds "9"]
[EventCountry "ESP"]
[SourceTitle "EXT 2018"]
[Source "ChessBase"]
[SourceDate "2017.10.13"]
[SourceVersion "1"]
[SourceVersionDate "2017.10.13"]
[SourceQuality "1"]

1. e4 e6 2. d3 d5 3. Nd2 Nf6 4. Ngf3 Bc5 5. e5 Nfd7 6. Be2 f6 7. d4 Be7 8. exf6 Nxf6 9. Ne5 0-0 10. Bd3 c5 11. c3 cxd4 12. cxd4 Nc6 13. Nxc6 bxc6 14. Nb3 e5 15. dxe5 Ng4 16. 0-0 Qc7 17. f4 Qb6+ 18. Kh1 Nf2+ 19. Rxf2 Qxf2 20. Bd2 Qh4 21. Qc2 Bd7 22. Nc5 Bxc5 23. Qxc5 Qg4 24. Rf1 g6 25. h3 Qe6 26. Qd4 h5 27. h4 Rf7 28. Rf3 Rg7 29. Bc3 Qe7 30. Bxg6 Rxg6 31. f5 Bxf5 32. e6 Kh7 33. Rxf5 Rxe6 34. Rxh5+ Rh6 35. Re5 Qf7 36. Qe3 Qf8 37. Re7+ 1-0